00526 2200205 4500001002100000005001500021035002000036007000300056008004100059020002200100082001000122084001600132100002000148245003600168260004000204300003400244650001300278650000900291990002000300INLIS00000000000300720260513063324 a0010-0526000098ta260513 g 0 ind  a978-602-446-732-6 a332.1 a332.1 HER b1 aHery, Alexander1 aBank & Lembaga Keuangan Lainnya aBandung :bRemaja Rosdakarya,c2024 ax + 246 hlm. ;c15.5 x 23 cm. 4aKeuangan 4aBank a20260518.07.001